[Event "Muensterland Regionalliga 2122"]
[Site "Germany"]
[Date "2021.10.02"]
[Round "1.3"]
[White "Fasselt, Hendrik"]
[Black "Just, Evgeny"]
[Result "0-1"]
[WhiteElo "1853"]
[BlackElo "1913"]
[PlyCount "104"]
[EventDate "2021.10.02"]
[EventType "team-tourn"]
[EventRounds "3"]
[EventCountry "GER"]
[SourceTitle "EXT 2023"]
[Source "ChessBase"]
[SourceDate "2022.10.05"]
[SourceVersion "1"]
[SourceVersionDate "2022.10.05"]
[SourceQuality "1"]
[WhiteTeam "Raesfeld Erle II"]
[BlackTeam "Steinfurt"]
[WhiteTeamCountry "GER"]
[BlackTeamCountry "GER"]

1. b3 f5 2. Bb2 Nf6 3. e3 g6 4. Nf3 Bg7 5. Be2 0-0 6. 0-0 d6 7. d4 Nbd7 8. c4 Ne4 9. Nbd2 e6 10. Qc2 Ndf6 11. Rac1 c6 12. Rfd1 Qe7 13. h3 b6 14. Nxe4 Nxe4 15. Bd3 Nf6 16. c5 bxc5 17. dxc5 d5 18. Be5 Ne8 19. Qc3 Bb7 20. g3 a5 21. a3 Bxe5 22. Nxe5 Nf6 23. f4 Rfb8 24. Kh2 Nd7 25. g4 Nxe5 26. Qxe5 fxg4 27. f5 Qf7 28. fxg6 g3+ 29. Kxg3 Qg7 30. Qxe6+ Kh8 31. Qg4 Bc8 32. Qh4 Rxb3 33. Qxh7+ Qxh7 34. gxh7 Ba6 35. Bxa6 Rxa6 36. Kf4 Rxa3 37. Rb1 Kxh7 38. Rb7+ Kh6 39. Rdb1 Ra4+ 40. Kf3 Rh4 41. R7b6 Rxh3+ 42. Kf2 Ra7 43. Rxc6+ Kg5 44. Rd6 Rh2+ 45. Kg3 Rd2 46. Rc1 Re7 47. Rc3 Kf5 48. c6 Rg7+ 49. Kf3 Rh7 50. Rxd5+ Rxd5 51. e4+ Ke5 52. c7 Rh3+ 0-1

[Event "Muensterland Regionalliga 1819"]
[Site "Germany"]
[Date "2019.05.11"]
[Round "9.6"]
[White "Peters, Helmut"]
[Black "Just, Evgeny"]
[Result "1/2-1/2"]
[WhiteElo "1941"]
[BlackElo "1897"]
[PlyCount "111"]
[EventDate "2018.09.08"]
[EventType "team-tourn"]
[EventRounds "9"]
[EventCountry "GER"]
[SourceTitle "EXT 2020"]
[Source "ChessBase"]
[SourceDate "2019.10.17"]
[SourceVersion "1"]
[SourceVersionDate "2019.10.17"]
[SourceQuality "1"]
[WhiteTeam "Muenster II"]
[BlackTeam "Steinfurt"]
[WhiteTeamCountry "GER"]
[BlackTeamCountry "GER"]

1. Nf3 f5 2. c4 Nf6 3. Nc3 d6 4. g3 g6 5. Bg2 Bg7 6. 0-0 0-0 7. d4 Nc6 8. Qc2 Bd7 9. Rb1 e5 10. e3 f4 11. dxe5 dxe5 12. e4 Nh5 13. Rd1 Qc8 14. Nd5 Bg4 15. Rd3 Kh8 16. b4 Bxf3 17. Bxf3 Nd4 18. Qd1 Nxf3+ 19. Rxf3 c6 20. Nc3 Qe6 21. c5 Rad8 22. Rd3 Rd4 23. Rb3 Qh3 24. Rxd4 exd4 25. Nb1 fxg3 26. hxg3 Nf6 27. Nd2 Ng4 28. Nf3 Qh1+ 29. Kxh1 Nxf2+ 30. Kg2 Nxd1 31. Rd3 Nc3 32. Bb2 Nxe4 33. Bxd4 Bxd4 34. Rxd4 Nf6 35. a4 Re8 36. Ng5 Kg7 37. Rd6 Re7 38. Ne6+ Kh6 39. Nd8 Ne4 40. Rd4 Nc3 41. Rd3 Nd5 42. Rd4 a6 43. b5 axb5 44. axb5 Ne3+ 45. Kf3 Nf5 46. Rb4 cxb5 47. Kf4 Rd7 48. Ne6 Rf7 49. Ke5 Nxg3 50. Rxb5 Rd7 51. Rb3 Nh5 52. Rh3 g5 53. Kf5 Rf7+ 54. Kg4 Kg6 55. Rxh5 h6 56. Nxg5 1/2-1/2

[Event "Muensterland Verbandsliga 1718"]
[Site "Germany"]
[Date "2018.01.20"]
[Round "5.7"]
[White "Just, Evgeny"]
[Black "Wagner, Nils Frederic"]
[Result "1-0"]
[WhiteElo "1877"]
[BlackElo "1725"]
[PlyCount "103"]
[EventDate "2017.09.09"]
[EventType "team-tourn"]
[EventRounds "9"]
[EventCountry "GER"]
[SourceTitle "EXT 2019"]
[Source "ChessBase"]
[SourceDate "2018.10.10"]
[SourceVersion "1"]
[SourceVersionDate "2018.10.10"]
[SourceQuality "1"]
[WhiteTeam "Steinfurt"]
[BlackTeam "Borken"]
[WhiteTeamCountry "GER"]
[BlackTeamCountry "GER"]

1. e4 d5 2. e5 c5 3. d3 Nc6 4. f4 e6 5. Nf3 Qb6 6. g3 Nge7 7. Bg2 Nf5 8. g4 Nfd4 9. Nbd2 Be7 10. c3 Nxf3+ 11. Nxf3 Bd7 12. 0-0 0-0 13. Qe2 Rae8 14. Bd2 Qc7 15. Be1 Qd8 16. Bg3 Bc8 17. Rae1 d4 18. c4 Bd7 19. Nd2 f5 20. exf6 gxf6 21. h4 f5 22. g5 Bd6 23. Qh5 Qe7 24. Rf2 Qg7 25. Qf3 Re7 26. a3 a5 27. Rfe2 Rfe8 28. Bh3 Nd8 29. h5 Bc6 30. Qf2 Qf7 31. h6 Qh5 32. Bh4 Qg6 33. b4 axb4 34. axb4 b6 35. b5 Bb7 36. Nf1 Nf7 37. Ng3 Kf8 38. Ra2 Bb8 39. Bg2 Bxg2 40. Kxg2 Bc7 41. Qf3 e5 42. fxe5 Rxe5 43. Rxe5 Nxe5 44. Qxf5+ Qxf5 45. Nxf5 Nxd3 46. Ra7 Rc8 47. Bg3 Nf4+ 48. Bxf4 Bxf4 49. Rxh7 Kg8 50. Rg7+ Kh8 51. Ne7 Rd8 52. Ng6# 1-0

[Event "Muensterland Regionalliga 1617"]
[Site "Germany"]
[Date "2017.02.04"]
[Round "6.5"]
[White "Naumann, Felix"]
[Black "Just, Evgeny"]
[Result "1-0"]
[WhiteElo "1812"]
[BlackElo "1907"]
[PlyCount "120"]
[EventDate "2016.09.17"]
[EventType "team"]
[EventRounds "9"]
[EventCountry "GER"]
[SourceTitle "EXT 2018"]
[Source "ChessBase"]
[SourceDate "2017.10.13"]
[SourceVersion "1"]
[SourceVersionDate "2017.10.13"]
[SourceQuality "1"]
[WhiteTeam "Bocholt"]
[BlackTeam "Steinfurt"]
[WhiteTeamCountry "GER"]
[BlackTeamCountry "GER"]

1. d4 e6 2. Nf3 Nf6 3. Bf4 b6 4. e3 Bb7 5. Nbd2 d5 6. Bd3 Bd6 7. Bg3 Nbd7 8. c3 0-0 9. Rc1 Ne4 10. Ne5 f6 11. Nxe4 dxe4 12. Bc4 fxe5 13. Bxe6+ Kh8 14. Bxd7 Qxd7 15. dxe5 Qb5 16. exd6 cxd6 17. Qe2 Qa4 18. b3 Qa3 19. Rd1 Ba6 20. c4 Rad8 21. Qd2 d5 22. Bh4 Rd7 23. 0-0 b5 24. cxd5 b4 25. Rfe1 Bd3 26. d6 a5 27. Be7 Ra8 28. Rc1 a4 29. bxa4 Qxa4 30. Rc5 h6 31. Rec1 Kh7 32. h4 Raa7 33. Rc7 b3 34. axb3 Qxb3 35. Rxd7 Rxd7 36. Qc3 Qxc3 37. Rxc3 Kg6 38. Rc7 Bb5 39. Rc5 Bd3 40. f4 exf3 41. gxf3 Kf7 42. Kf2 g6 43. e4 Rb7 44. Ke3 Bf1 45. Rc8 Bh3 46. Rf8+ Kg7 47. e5 Be6 48. f4 Bf7 49. Rc8 Be6 50. Bf6+ Kf7 51. Rh8 Rb3+ 52. Kd2 Bf5 53. Rh7+ Kf8 54. Rxh6 Rf3 55. Rh7 Rxf4 56. Kc3 Ke8 57. Re7+ Kd8 58. Bg5 Re4 59. e6 Kc8 60. Rc7+ Kb8 1-0

[Event "Muensterland Regionalliga 1516"]
[Site "Germany"]
[Date "2015.12.05"]
[Round "4.5"]
[White "Pliete, Christian"]
[Black "Just, Evgeny"]
[Result "0-1"]
[WhiteElo "1832"]
[BlackElo "1924"]
[PlyCount "94"]
[EventDate "2015.09.05"]
[EventType "team"]
[EventRounds "9"]
[EventCountry "GER"]
[SourceTitle "EXT 2017"]
[Source "ChessBase"]
[SourceDate "2016.10.25"]
[SourceVersion "1"]
[SourceVersionDate "2016.10.25"]
[SourceQuality "1"]
[WhiteTeam "Raesfeld Erle"]
[BlackTeam "Steinfurt"]
[WhiteTeamCountry "GER"]
[BlackTeamCountry "GER"]

1. e4 c6 2. d4 d5 3. exd5 cxd5 4. Bd3 Nf6 5. c3 g6 6. Nd2 Bg7 7. Ne2 0-0 8. Ng3 Nc6 9. h4 e5 10. dxe5 Nxe5 11. Be2 Re8 12. Nb3 Bg4 13. Nd4 Bxe2 14. Ndxe2 Neg4 15. 0-0 h6 16. Nd4 Qc7 17. Qf3 Ne5 18. Qd1 Qe7 19. Bf4 Ne4 20. Nxe4 dxe4 21. Bg3 Nd3 22. Qb3 a6 23. Rad1 Qc5 24. Ne2 b5 25. Nf4 Qc4 26. Nxd3 exd3 27. Qxc4 bxc4 28. b3 Bxc3 29. bxc4 d2 30. Bf4 Re2 31. Bxh6 Rc8 32. Be3 Rxc4 33. g3 Re4 34. Kh1 Kg7 35. Kg1 Kf6 36. Rb1 Rb4 37. Rbd1 Kf5 38. Kg2 Ke4 39. Rh1 Rb5 40. g4 Kd3 41. Kf3 a5 42. h5 a4 43. hxg6 fxg6 44. Rh7 Rd5 45. Rc7 Bd4 46. Bxd2 Rxf2+ 47. Kg3 Ke2 0-1

[Event "Muensterland Regionalliga 1516"]
[Site "Germany"]
[Date "2015.11.14"]
[Round "3.4"]
[White "Just, Evgeny"]
[Black "Wingenfeld, Klaus"]
[Result "1-0"]
[WhiteElo "1924"]
[BlackElo "1928"]
[PlyCount "89"]
[EventDate "2015.09.05"]
[EventType "team"]
[EventRounds "9"]
[EventCountry "GER"]
[SourceTitle "EXT 2017"]
[Source "ChessBase"]
[SourceDate "2016.10.25"]
[SourceVersion "1"]
[SourceVersionDate "2016.10.25"]
[SourceQuality "1"]
[WhiteTeam "Steinfurt"]
[BlackTeam "Muenster SK III"]
[WhiteTeamCountry "GER"]
[BlackTeamCountry "GER"]

1. e4 c5 2. Nc3 Nc6 3. g3 g6 4. Bg2 Bg7 5. d3 d6 6. f4 e6 7. Nf3 Nge7 8. 0-0 0-0 9. Be3 Rb8 10. Rb1 b6 11. h3 d5 12. Bf2 d4 13. Ne2 e5 14. Nh4 f6 15. f5 gxf5 16. Nxf5 Nxf5 17. exf5 Ne7 18. g4 Bb7 19. Ng3 Bxg2 20. Kxg2 Nd5 21. Ne4 Bh6 22. c4 dxc3 23. bxc3 Nf4+ 24. Kh2 Qxd3 25. Qxd3 Nxd3 26. Bh4 Bg7 27. Rbd1 Rbd8 28. Rf3 c4 29. g5 Kf7 30. gxf6 Bh6 31. Bg5 Nc5 32. Re1 Nxe4 33. Bxh6 Rd2+ 34. Bxd2 Nxd2 35. Rf2 Rd8 36. Rxe5 Kxf6 37. Re6+ Kf7 38. Ree2 Nb1 39. f6 Rd7 40. Re3 Kf8 41. h4 Na3 42. Rg3 b5 43. Rfg2 a5 44. Rg8+ Kf7 45. R8g7+ 1-0

[Event "Muensterland Verbandsliga 1314"]
[Site "Germany"]
[Date "2014.03.15"]
[Round "7.4"]
[White "Stepa, Rainer"]
[Black "Just, Evgeny"]
[Result "0-1"]
[WhiteElo "1770"]
[BlackElo "1861"]
[PlyCount "166"]
[EventDate "2013.09.07"]
[EventType "team-tourn"]
[EventRounds "9"]
[EventCountry "GER"]
[SourceTitle "EXT 2015"]
[Source "ChessBase"]
[SourceDate "2014.11.20"]
[SourceVersion "1"]
[SourceVersionDate "2014.11.20"]
[SourceQuality "1"]
[WhiteTeam "Ostbevern Westbevern"]
[BlackTeam "Steinfurt"]
[WhiteTeamCountry "GER"]
[BlackTeamCountry "GER"]

1. Nf3 Nf6 2. d4 d5 3. c4 e6 4. cxd5 exd5 5. Nc3 Be7 6. e3 0-0 7. Be2 Nc6 8. Ne5 Nb8 9. 0-0 c6 10. a3 Bf5 11. b4 a6 12. Bb2 Nbd7 13. Nxd7 Nxd7 14. Bd3 Bxd3 15. Qxd3 Nb6 16. Ne2 Bd6 17. Nc1 Re8 18. Nb3 Nc4 19. Bc3 Bc7 20. g3 Re6 21. Kg2 Rh6 22. Qf5 Nd6 23. Qg4 Ne4 24. Be1 Nf6 25. Qe2 Qd7 26. f3 Re8 27. Kg1 Qh3 28. Ra2 Nh5 29. Qg2 Qxg2+ 30. Kxg2 Rxe3 31. Nc5 Bb6 32. Nxb7 Bxd4 33. Bf2 Rd3 34. Bxd4 Rxd4 35. Rc1 Re6 36. Rac2 h6 37. Nd8 Re3 38. Nxc6 Rdd3 39. a4 Ra3 40. a5 Nf6 41. Nb8 Re6 42. Rc3 Ra4 43. Rb3 Ra2+ 44. Kh3 Ree2 45. g4 Rxh2+ 46. Kg3 g5 47. Rg1 d4 48. Rd3 Nd5 49. Rxd4 Nf4 50. Rxf4 gxf4+ 51. Kxf4 Rab2 52. Nxa6 Rhc2 53. g5 h5 54. g6 Rc6 55. gxf7+ Kxf7 56. Nc5 Rxb4+ 57. Ne4 Ra4 58. Rg5 Rh6 59. Rf5+ Kg7 60. Rg5+ Kh7 61. Kg3 Rg6 62. Kh4 Rxg5 63. Kxg5 Rxa5+ 64. Kh4 Kg6 65. Ng3 Ra1 66. f4 Ra2 67. Kh3 Rf2 68. f5+ Kh6 69. Ne4 Rxf5 70. Kg2 Rf4 71. Nd2 h4 72. Nf3 Kh5 73. Nh2 Ra4 74. Nf3 Rg4+ 75. Kh2 Rg3 76. Ne5 Re3 77. Nc4 Re2+ 78. Kh3 Kg5 79. Nd2 Re3+ 80. Kh2 Kg4 81. Nf1 Re2+ 82. Kh1 Kf3 83. Kg1 Re1 0-1

[Event "Muensterland Verbandsliga 1314"]
[Site "Germany"]
[Date "2014.02.01"]
[Round "6.3"]
[White "Pollok, Ralf"]
[Black "Just, Evgeny"]
[Result "1/2-1/2"]
[WhiteElo "1999"]
[BlackElo "1861"]
[PlyCount "92"]
[EventDate "2013.09.07"]
[EventType "team-tourn"]
[EventRounds "9"]
[EventCountry "GER"]
[SourceTitle "EXT 2015"]
[Source "ChessBase"]
[SourceDate "2014.11.20"]
[SourceVersion "1"]
[SourceVersionDate "2014.11.20"]
[SourceQuality "1"]
[WhiteTeam "Raesfeld Erle"]
[BlackTeam "Steinfurt"]
[WhiteTeamCountry "GER"]
[BlackTeamCountry "GER"]

1. d4 f5 2. g3 Nf6 3. Bg2 e6 4. Nf3 d5 5. 0-0 Be7 6. c4 c6 7. b3 0-0 8. Bb2 Ne4 9. Ne5 Nd7 10. Nd3 Ndf6 11. Nd2 Nxd2 12. Qxd2 Ne4 13. Qc2 Bd7 14. Ne5 Be8 15. e3 Bg6 16. f3 Nf6 17. e4 Nd7 18. Nxg6 hxg6 19. exd5 exd5 20. Rfe1 Bb4 21. Re2 Nf6 22. a3 Bd6 23. Rae1 Re8 24. c5 Bc7 25. Rxe8+ Nxe8 26. Bc1 Nf6 27. Bg5 Qd7 28. Bxf6 gxf6 29. Qe2 Kf7 30. Kf2 Re8 31. Qxe8+ Qxe8 32. Rxe8 Kxe8 33. h4 Kf7 34. Bf1 Ke6 35. Bd3 Kf7 36. h5 gxh5 37. Bxf5 Ke7 38. b4 b6 39. Bg6 bxc5 40. bxc5 Ba5 41. Bxh5 Bc3 42. Ke3 Be1 43. g4 Bc3 44. Bg6 Bb2 45. a4 Bc1+ 46. Kd3 a5 1/2-1/2

[Event "Muensterland Verbandsklasse-B 0809"]
[Site "Germany"]
[Date "2008.10.25"]
[Round "3.4"]
[White "Schroer, Klaus"]
[Black "Just, Evgeny"]
[Result "1/2-1/2"]
[WhiteElo "1814"]
[BlackElo "1848"]
[PlyCount "88"]
[EventDate "2008.09.13"]
[EventType "team-tourn"]
[EventRounds "9"]
[EventCountry "GER"]
[SourceTitle "EXT 2010"]
[Source "ChessBase"]
[SourceDate "2010.11.25"]
[SourceVersion "1"]
[SourceVersionDate "2010.11.25"]
[SourceQuality "1"]
[WhiteTeam "Borken"]
[BlackTeam "Steinfurt"]
[WhiteTeamCountry "GER"]
[BlackTeamCountry "GER"]

1. e4 c5 2. c3 d5 3. exd5 Qxd5 4. d4 cxd4 5. cxd4 Nc6 6. Nf3 Bg4 7. Be2 e6 8. Nc3 Bb4 9. Bd2 Qd8 10. a3 Ba5 11. b4 Bb6 12. Bg5 Nge7 13. d5 exd5 14. Bxe7 Nxe7 15. Bb5+ Bd7 16. Be2 Be6 17. Bb5+ Nc6 18. 0-0 0-0 19. h3 Rc8 20. Rc1 a6 21. Bd3 Qf6 22. Na4 Ba7 23. Nc5 Bxc5 24. Rxc5 Ne5 25. Nxe5 Qxe5 26. Re1 Qg5 27. Qc1 Qxc1 28. Rexc1 Rxc5 29. bxc5 Rc8 30. Kf1 Kf8 31. Ke2 Ke7 32. Ke3 Bd7 33. Kd4 Bc6 34. Re1+ Kf6 35. Bc2 Re8 36. Rxe8 Bxe8 37. Bb3 Bc6 38. Bxd5 Ke7 39. Bxc6 bxc6 40. f4 Ke6 41. g4 g6 42. h4 h5 43. gxh5 gxh5 44. Ke4 f6 1/2-1/2

[Event "Muensterland Verbandsklasse-B 0809"]
[Site "Germany"]
[Date "2008.10.11"]
[Round "2.4"]
[White "Just, Evgeny"]
[Black "Lober, Sascha"]
[Result "1-0"]
[WhiteElo "1848"]
[BlackElo "1671"]
[PlyCount "75"]
[EventDate "2008.09.13"]
[EventType "team-tourn"]
[EventRounds "9"]
[EventCountry "GER"]
[SourceTitle "EXT 2010"]
[Source "ChessBase"]
[SourceDate "2010.11.25"]
[SourceVersion "1"]
[SourceVersionDate "2010.11.25"]
[SourceQuality "1"]
[WhiteTeam "Steinfurt"]
[BlackTeam "Buldern"]
[WhiteTeamCountry "GER"]
[BlackTeamCountry "GER"]

1. e4 e5 2. Nf3 Nc6 3. Bb5 a6 4. Ba4 Nf6 5. 0-0 Be7 6. Qe2 b5 7. Bb3 0-0 8. c3 d6 9. h3 Na5 10. Bc2 Be6 11. Rd1 Qc8 12. d4 exd4 13. cxd4 c5 14. d5 Bd7 15. Bf4 Kh8 16. Nbd2 Nb7 17. Nf1 Ng8 18. e5 Bf5 19. Ng3 Bg6 20. Ne4 Qc7 21. Neg5 Bxg5 22. Nxg5 Qe7 23. Bxg6 fxg6 24. Ne6 Rxf4 25. Nxf4 dxe5 26. Ne6 Qd6 27. Rd2 Nf6 28. Re1 Nd7 29. Ng5 Rf8 30. Qg4 Rf5 31. Qh4 h6 32. Ne4 Qf8 33. d6 g5 34. Qh5 Kh7 35. Qe2 Nd8 36. Qd3 Nb7 37. g4 c4 38. Qc2 1-0

[Event "Muensterland Verbandsklasse-B 0708"]
[Site "Germany"]
[Date "2008.01.26"]
[Round "5.5"]
[White "Just, Evgeny"]
[Black "Liebing, Ingo"]
[Result "1-0"]
[WhiteElo "1883"]
[BlackElo "1784"]
[PlyCount "51"]
[EventDate "2007.09.15"]
[EventType "team"]
[EventRounds "9"]
[EventCountry "GER"]
[SourceTitle "EXT 2009"]
[Source "ChessBase"]
[SourceDate "2008.11.26"]
[SourceVersion "1"]
[SourceVersionDate "2008.11.26"]
[SourceQuality "1"]
[WhiteTeam "Steinfurt"]
[BlackTeam "Duelmen"]
[WhiteTeamCountry "GER"]
[BlackTeamCountry "GER"]

1. e4 d5 2. e5 c5 3. d3 Nc6 4. f4 f6 5. Nc3 Be6 6. Nf3 d4 7. Ne4 Qc7 8. Bd2 b6 9. Qe2 Bd5 10. Nd6+ Kd7 11. Nb5 Qb7 12. c4 Be6 13. g3 a6 14. Na3 Qc7 15. Bg2 Re8 16. 0-0 g6 17. Rae1 Bg7 18. b4 Nd8 19. bxc5 bxc5 20. Rb1 Nh6 21. Qd1 Nhf7 22. Qa4+ Qc6 23. Qa5 Bf5 24. Rb6 Qc8 25. Qa4+ Nc6 26. Nxd4 1-0